[Event "Gibraltar Chess Festival 2017 - Masters"]
[Site "Gibraltar ENG"]
[Date "2017.01.28"]
[Round "5.118"]
[White "Noordhoek, Henk"]
[Black "Ramirez Leyva, Freddy"]
[Result "1-0"]
[WhiteElo "2004"]
[BlackElo "1862"]
[PlyCount "87"]
[EventDate "2017.01.24"]
[EventType "swiss"]
[EventRounds "10"]
[EventCountry "ENG"]
[SourceTitle "Ajedrez en Madrid"]
[Source "lmi"]
[SourceDate "2017.01.24"]

1. g3 Nf6 2. Bg2 g6 3. Nf3 Bg7 4. O-O O-O 5. c4 d6 6. Nc3 c6 7. d4 Nbd7 8. e4
Qc7 9. Qe2 e5 10. d5 a5 11. Ne1 Nc5 12. h3 Nfd7 13. f4 f5 14. exf5 Rxf5 15. Nf3
exf4 16. Bxf4 Rf8 17. Kh2 Nb6 18. Rad1 Rd8 19. Nd4 Bxd4 20. Rxd4 Bf5 21. g4 Qg7
22. Qd2 Bd3 23. Rxd3 Nxd3 24. Qxd3 c5 25. b3 a4 26. Nb5 Qe7 27. Qg3 axb3 28.
axb3 Nc8 29. Re1 Qf6 30. Re6 Qb2 31. Nxd6 Nxd6 32. Bxd6 b6 33. Be5 Qc2 34. Bc7
Rf8 35. Bxb6 Ra3 36. Bxc5 Rxb3 37. Qe1 Rb1 38. Qe4 Qxe4 39. Rxe4 Rc8 40. Be7
Rb2 41. d6 Rb7 42. Re2 Ra7 43. Bd5+ Kg7 44. g5 1-0

[Event "Gibraltar Chess Festival 2017 - Masters"]
[Site "Gibraltar ENG"]
[Date "2017.01.28"]
[Round "5.119"]
[White "Van Kemenade, Rudy"]
[Black "Ford, Clifton P"]
[Result "1-0"]
[WhiteElo "1955"]
[BlackElo "1781"]
[PlyCount "51"]
[EventDate "2017.01.24"]
[EventType "swiss"]
[EventRounds "10"]
[EventCountry "ENG"]
[SourceTitle "Ajedrez en Madrid"]
[Source "lmi"]
[SourceDate "2017.01.24"]

1. e4 e6 2. d3 d5 3. Qe2 Nf6 4. Nf3 c5 5. g3 Nc6 6. Bg2 Be7 7. O-O O-O 8. e5
Nd7 9. c4 Nb6 10. h4 Nd4 11. Nxd4 cxd4 12. Rd1 Bd7 13. Nd2 Bc6 14. Nf3 Bc5 15.
b3 Qc7 16. Bb2 Nd7 17. Nxd4 Qxe5 18. Qxe5 Nxe5 19. Nxc6 Nxc6 20. cxd5 exd5 21.
Bxd5 Bd6 22. Rac1 Rac8 23. Rc4 Rfd8 24. Rdc1 Bxg3 25. Bxc6 bxc6 26. fxg3 1-0

[Event "Gibraltar Chess Festival 2017 - Masters"]
[Site "Gibraltar ENG"]
[Date "2017.01.28"]
[Round "5.120"]
[White "Chilton, James I"]
[Black "Tranter, Stephen"]
[Result "1-0"]
[WhiteElo "1756"]
[BlackElo "1950"]
[PlyCount "67"]
[EventDate "2017.01.24"]
[EventType "swiss"]
[EventRounds "10"]
[EventCountry "ENG"]
[SourceTitle "Ajedrez en Madrid"]
[Source "lmi"]
[SourceDate "2017.01.24"]

1. d4 b6 2. e4 e6 3. Nf3 Bb7 4. Nc3 Bb4 5. Bd3 Nf6 6. Qe2 d5 7. e5 Ne4 8. Bd2
Nxd2 9. Qxd2 Ba6 10. Bxa6 Nxa6 11. Qd3 Qc8 12. O-O Bxc3 13. bxc3 c6 14. Rab1
Nc7 15. Rb2 h6 16. Nd2 Qa6 17. Qg3 O-O 18. f4 Qe2 19. Nb3 Qe4 20. a4 Rab8 21.
h3 Rfc8 22. Qf2 Qg6 23. Kh2 h5 24. Nd2 Qh6 25. Rfb1 Ne8 26. a5 b5 27. Nb3 g5
28. fxg5 Qxg5 29. Rf1 Rb7 30. Nc5 Re7 31. Rb3 Ng7 32. Qf6 Qe3 33. c4 Qxd4 34.
Rg3 1-0

[Event "Gibraltar Chess Festival 2017 - Masters"]
[Site "Gibraltar ENG"]
[Date "2017.01.28"]
[Round "5.121"]
[White "Bullock, Lee"]
[Black "Slinger, Tony J"]
[Result "0-1"]
[WhiteElo "1563"]
[BlackElo "1911"]
[PlyCount "82"]
[EventDate "2017.01.24"]
[EventType "swiss"]
[EventRounds "10"]
[EventCountry "ENG"]
[SourceTitle "Ajedrez en Madrid"]
[Source "lmi"]
[SourceDate "2017.01.24"]

1. d4 Nf6 2. Bf4 d6 3. Nf3 g6 4. e3 Bg7 5. Bd3 O-O 6. c3 Nbd7 7. Nbd2 b6 8. Qc2
Bb7 9. h4 h5 10. O-O-O c5 11. Ng5 cxd4 12. exd4 e5 13. dxe5 Nxe5 14. Bxe5 dxe5
15. Qb3 Bd5 16. c4 Qc8 17. Kb1 Be6 18. f3 Bf5 19. Nde4 Nxe4 20. Nxe4 Rb8 21.
Ka1 Qc6 22. Nd6 Bxd3 23. Rxd3 a6 24. Rhd1 Qc7 25. g4 hxg4 26. fxg4 e4 27. Nxe4
Qf4 28. Nd6 Qxg4 29. Rh1 Qe6 30. Rg1 Rbd8 31. Rgd1 Be5 32. Nb7 Rxd3 33. Qxd3
Qe7 34. Qd5 Qf6 35. Qg2 Qxh4 36. Rh1 Qxc4 37. Qh3 Rc8 38. Qh7+ Kf8 39. Qh6+ Bg7
40. Qe3 Qc6 41. Qa3+ Kg8 0-1

[Event "Gibraltar Chess Festival 2017 - Masters"]
[Site "Gibraltar ENG"]
[Date "2017.01.28"]
[Round "5.122"]
[White "Beadle, John R"]
[Black "Robson, Paul E"]
[Result "1/2-1/2"]
[WhiteElo "1544"]
[BlackElo "1897"]
[PlyCount "61"]
[EventDate "2017.01.24"]
[EventType "swiss"]
[EventRounds "10"]
[EventCountry "ENG"]
[SourceTitle "Ajedrez en Madrid"]
[Source "lmi"]
[SourceDate "2017.01.24"]

1. e4 c5 2. Nf3 Nc6 3. d4 cxd4 4. Nxd4 g6 5. c4 Bg7 6. Be3 Nf6 7. Nc3 O-O 8.
Be2 Nxd4 9. Bxd4 Qa5 10. O-O d6 11. f3 Bd7 12. a3 Rfc8 13. b4 Qd8 14. Rc1 b6
15. Qd2 Bc6 16. Nd5 Bxd5 17. cxd5 Rxc1 18. Rxc1 Rc8 19. Ba6 Rc7 20. Rc6 Rxc6
21. dxc6 Ne8 22. Bxg7 Kxg7 23. Qd4+ Kg8 24. a4 Qc7 25. Bb7 Ng7 26. Qc4 Ne6 27.
Qa6 Qb8 28. a5 Nc7 29. Qc4 bxa5 30. bxa5 Ne6 31. a6 1/2-1/2

[Event "Gibraltar Chess Festival 2017 - Masters"]
[Site "Gibraltar ENG"]
[Date "2017.01.28"]
[Round "5.123"]
[White "Koes, Richard"]
[Black "Robles, Bryan"]
[Result "1-0"]
[WhiteElo "1830"]
[BlackElo "1711"]
[PlyCount "71"]
[EventDate "2017.01.24"]
[EventType "swiss"]
[EventRounds "10"]
[EventCountry "ENG"]
[SourceTitle "Ajedrez en Madrid"]
[Source "lmi"]
[SourceDate "2017.01.24"]

1. e4 e5 2. Nf3 Nc6 3. Bc4 Nf6 4. d3 Be7 5. O-O d6 6. a4 O-O 7. c3 h6 8. Qe2
Bg4 9. Nbd2 Nh7 10. h3 Be6 11. d4 Bxc4 12. Qxc4 exd4 13. cxd4 Ng5 14. Nxg5 Bxg5
15. f4 Be7 16. Nf3 Qd7 17. Bd2 Rad8 18. d5 Nb8 19. Bc3 c6 20. Rad1 cxd5 21.
Rxd5 Qe6 22. Qd3 Qg6 23. Nd4 Nc6 24. Nf5 Bf6 25. Rf3 Bxc3 26. bxc3 Qe6 27. Rg3
g6 28. Nxh6+ Kh7 29. f5 Qe8 30. Nxf7 gxf5 31. Nxd8 Qxd8 32. Rxd6 Qb6+ 33. Kh2
Ne5 34. Qd2 f4 35. Rg5 Qe3 36. Rxe5 1-0

[Event "Gibraltar Chess Festival 2017 - Masters"]
[Site "Gibraltar ENG"]
[Date "2017.01.28"]
[Round "5.124"]
[White "Winter, Kevin"]
[Black "Tveten, Per"]
[Result "1-0"]
[WhiteElo "1818"]
[BlackElo "1486"]
[PlyCount "81"]
[EventDate "2017.01.24"]
[EventType "swiss"]
[EventRounds "10"]
[EventCountry "ENG"]
[SourceTitle "Ajedrez en Madrid"]
[Source "lmi"]
[SourceDate "2017.01.24"]

1. d4 d5 2. Bf4 Bf5 3. e3 Nf6 4. c3 e6 5. Qb3 b6 6. Bb5+ c6 7. Bxb8 cxb5 8.
Qxb5+ Qd7 9. Qxd7+ Nxd7 10. Bg3 Be7 11. Nd2 h6 12. Ngf3 O-O 13. O-O Nf6 14. h3
Rad8 15. Ne5 Ne4 16. Nxe4 Bxe4 17. Nc6 Rd7 18. Nxe7+ Rxe7 19. Bd6 Ree8 20. Bxf8
Kxf8 21. Rfe1 f6 22. Rac1 e5 23. a3 Re6 24. c4 f5 25. c5 Rg6 26. g3 exd4 27.
exd4 f4 28. Kh2 fxg3+ 29. fxg3 Rc6 30. b4 b5 31. Ra1 a6 32. Rf1+ Ke7 33. Rf4 g5
34. Rf2 h5 35. Raf1 Bg6 36. Re1+ Re6 37. Rxe6+ Kxe6 38. Rf8 g4 39. Ra8 Be4 40.
Rxa6+ Kd7 41. h4 1-0

[Event "Gibraltar Chess Festival 2017 - Masters"]
[Site "Gibraltar ENG"]
[Date "2017.01.28"]
[Round "5.125"]
[White "Neumanova, Monika"]
[Black "Murray, J Stephen"]
[Result "1/2-1/2"]
[WhiteElo "1707"]
[BlackElo "1789"]
[PlyCount "61"]
[EventDate "2017.01.24"]
[EventType "swiss"]
[EventRounds "10"]
[EventCountry "ENG"]
[SourceTitle "Ajedrez en Madrid"]
[Source "lmi"]
[SourceDate "2017.01.24"]

1. d4 Nf6 2. c4 e6 3. Nc3 d5 4. Bg5 Be7 5. Nf3 h6 6. Bh4 O-O 7. e3 b6 8. cxd5
exd5 9. Be2 Be6 10. Rc1 Nbd7 11. a3 c5 12. dxc5 Bxc5 13. b4 Be7 14. Nd4 Ne5 15.
Ncb5 Nc4 16. Bxc4 dxc4 17. Nxe6 fxe6 18. Qxd8 Rfxd8 19. Rxc4 Rac8 20. Rxc8 Rxc8
21. O-O a6 22. Nd4 Kf7 23. Bg3 Rc3 24. Ra1 Ne4 25. Be5 Bf6 26. Bxf6 Kxf6 27. h3
Nd2 28. Ne2 Rb3 29. Nc1 Rc3 30. Ne2 Rb3 31. Nc1 1/2-1/2

[Event "Gibraltar Chess Festival 2017 - Masters"]
[Site "Gibraltar ENG"]
[Date "2017.01.29"]
[Round "6.3"]
[White "Sutovsky, Emil"]
[Black "Anton Guijarro, David"]
[Result "0-1"]
[WhiteElo "2628"]
[BlackElo "2650"]
[PlyCount "112"]
[EventDate "2017.01.24"]
[EventType "swiss"]
[EventRounds "10"]
[EventCountry "ENG"]
[SourceTitle "Ajedrez en Madrid"]
[Source "lmi"]
[SourceDate "2017.01.24"]

1. e4 e5 2. Nf3 Nc6 3. Bb5 a6 4. Ba4 Nf6 5. O-O Be7 6. Re1 b5 7. Bb3 d6 8. c3
O-O 9. h3 Na5 10. Bc2 c5 11. d4 Nd7 12. Nbd2 exd4 13. cxd4 Nc6 14. d5 Nce5 15.
a4 Bb7 16. Nxe5 Nxe5 17. f4 Ng6 18. Nf3 Bf6 19. g3 Qd7 20. Kg2 Rfe8 21. Ra3 Bd8
22. h4 Nf8 23. h5 h6 24. f5 Bf6 25. Nh2 Nh7 26. Ng4 Bd4 27. axb5 axb5 28. Rxa8
Rxa8 29. b4 Ra2 30. bxc5 dxc5 31. Be3 Bxe3 32. Nxe3 Nf6 33. Kh3 Qd6 34. e5 Qxe5
35. d6 Rxc2 36. d7 Nxd7 37. Nxc2 Qxf5+ 38. g4 Qd5 39. Qxd5 Bxd5 40. Re8+ Kh7
41. Rc8 b4 42. Ne3 Be6 43. Rc7 g5 44. hxg6+ Kxg6 45. Kg3 Kf6 46. Kf4 Ke7 47.
Rc6 b3 48. Nd1 Bxg4 49. Nc3 Be6 50. Rc8 c4 51. Ke3 Kf6 52. Ne4+ Kg7 53. Rc7 Nf6
54. Nc3 Nd5+ 55. Nxd5 Bxd5 56. Kd2 Be6 0-1

[Event "Gibraltar Chess Festival 2017 - Masters"]
[Site "Gibraltar ENG"]
[Date "2017.01.29"]
[Round "6.4"]
[White "Short, Nigel D"]
[Black "Caruana, Fabiano"]
[Result "1-0"]
[WhiteElo "2675"]
[BlackElo "2827"]
[PlyCount "141"]
[EventDate "2017.01.24"]
[EventType "swiss"]
[EventRounds "10"]
[EventCountry "ENG"]
[SourceTitle "Ajedrez en Madrid"]
[Source "lmi"]
[SourceDate "2017.01.24"]

1. e4 c6 2. Nc3 d5 3. Nf3 Nf6 4. e5 Ne4 5. Ne2 Qb6 6. d4 e6 7. Ng3 c5 8. Bd3
Nc6 9. Nxe4 dxe4 10. Bxe4 cxd4 11. O-O Bd7 12. a3 h6 13. Re1 Rd8 14. h3 g6 15.
b4 Bg7 16. Bf4 Ne7 17. Qxd4 Qxd4 18. Nxd4 Ba4 19. Nf3 Nd5 20. Bd2 Bb5 21. Bxd5
Rxd5 22. a4 Bd7 23. c4 Rd3 24. b5 O-O 25. Re3 Rxe3 26. Bxe3 Ra8 27. Rd1 Be8 28.
Bc5 f5 29. exf6 Bxf6 30. Bd4 Be7 31. Re1 Bf7 32. Ne5 a6 33. c5 axb5 34. axb5
Be8 35. b6 Rd8 36. c6 bxc6 37. b7 Rb8 38. Rb1 c5 39. Nd7 Bxd7 40. Be5 Re8 41.
b8=Q Rxb8 42. Rxb8+ Kf7 43. Rh8 h5 44. Rh7+ Kf8 45. Bd6 Bxd6 46. Rxd7 Be5 47.
g3 c4 48. Kf1 c3 49. Ke2 Ke8 50. Rd1 Ke7 51. Kd3 Bf6 52. Ra1 Kf7 53. Ra7+ Ke8
54. Ke4 Kd8 55. Ra4 Ke7 56. Rc4 Kd7 57. Kd3 Ke7 58. Rc7+ Ke8 59. g4 hxg4 60.
hxg4 Be5 61. Rc5 Bf6 62. g5 Bg7 63. Rc8+ Kd7 64. Rg8 Bd4 65. f3 Be5 66. Rxg6
Kd6 67. Rg8 Ke7 68. Rc8 Bf4 69. Rc5 Bd2 70. Rc7+ Kd6 71. g6 1-0

[Event "Gibraltar Chess Festival 2017 - Masters"]
[Site "Gibraltar ENG"]
[Date "2017.01.29"]
[Round "6.5"]
[White "Vachier-Lagrave, Maxime"]
[Black "Gupta, Abhijeet"]
[Result "1-0"]
[WhiteElo "2796"]
[BlackElo "2645"]
[PlyCount "85"]
[EventDate "2017.01.24"]
[EventType "swiss"]
[EventRounds "10"]
[EventCountry "ENG"]
[SourceTitle "Ajedrez en Madrid"]
[Source "lmi"]
[SourceDate "2017.01.24"]

1. e4 e5 2. Nf3 Nc6 3. Bb5 Nf6 4. O-O Nxe4 5. d4 Nd6 6. Bxc6 dxc6 7. dxe5 Nf5
8. Qxd8+ Kxd8 9. h3 Ke8 10. Nc3 h6 11. Rd1 Bd7 12. Bf4 Rd8 13. a4 h5 14. a5 Be7
15. a6 b6 16. Ng5 Bc8 17. Rxd8+ Bxd8 18. Rd1 Be7 19. Nce4 h4 20. Re1 Kf8 21. c3
f6 22. Nf3 Kf7 23. exf6 gxf6 24. Bxc7 Bxa6 25. Ra1 Bd3 26. Neg5+ fxg5 27. Ne5+
Ke6 28. Nxd3 Nd6 29. Bxd6 Bxd6 30. Rxa7 c5 31. Kf1 c4 32. Ne1 Bc5 33. Nf3 Rg8
34. Ra1 g4 35. Re1+ Kd6 36. hxg4 Rxg4 37. Re8 b5 38. Rh8 b4 39. Rxh4 Rxh4 40.
Nxh4 Kc6 41. Ke2 Be7 42. Nf5 Bf6 43. Ne3 1-0

[Event "Gibraltar Chess Festival 2017 - Masters"]
[Site "Gibraltar ENG"]
[Date "2017.01.29"]
[Round "6.7"]
[White "Yu, Yangyi"]
[Black "Piorun, Kacper"]
[Result "1-0"]
[WhiteElo "2738"]
[BlackElo "2651"]
[PlyCount "117"]
[EventDate "2017.01.24"]
[EventType "swiss"]
[EventRounds "10"]
[EventCountry "ENG"]
[SourceTitle "Ajedrez en Madrid"]
[Source "lmi"]
[SourceDate "2017.01.24"]

1. e4 e5 2. Nf3 Nc6 3. Bb5 a6 4. Ba4 Nf6 5. O-O Be7 6. Re1 b5 7. Bb3 d6 8. c3
O-O 9. h3 Nb8 10. d4 Nbd7 11. Nbd2 Bb7 12. Bc2 Re8 13. Nf1 Bf8 14. Ng3 g6 15.
Bg5 h6 16. Bd2 Bg7 17. a4 Nb6 18. Qc1 Kh7 19. b3 bxa4 20. bxa4 a5 21. dxe5 dxe5
22. Bb3 Qe7 23. Be3 Nfd7 24. h4 Ba6 25. h5 Nc4 26. Bxc4 Bxc4 27. Nd2 Be6 28.
Qc2 Nf6 29. hxg6+ fxg6 30. f3 h5 31. Ndf1 Qf7 32. Nh1 Red8 33. Nf2 Rab8 34.
Reb1 Bb3 35. Qc1 Nd7 36. Nd2 Be6 37. Rb5 Rxb5 38. axb5 Bf8 39. Rxa5 Bc5 40.
Bxc5 Nxc5 41. Ra7 Rd7 42. Qa3 Qe7 43. Nf1 Qd6 44. Ne3 Qb6 45. Qa5 Qd6 46. Qb4
Qb6 47. Ra8 Rf7 48. Qa5 Qd6 49. Qa7 Nd7 50. Nd5 Bxd5 51. exd5 Nb6 52. Re8 Qxd5
53. Qb8 Qc5 54. Rh8+ Kg7 55. Qe8 Nc4 56. Rg8+ Kf6 57. Qd8+ Kf5 58. Qd3+ Kf6 59.
Rxg6+ 1-0

[Event "Gibraltar Chess Festival 2017 - Masters"]
[Site "Gibraltar ENG"]
[Date "2017.01.29"]
[Round "6.8"]
[White "Matlakov, Maxim"]
[Black "Akobian, Varuzhan"]
[Result "1/2-1/2"]
[WhiteElo "2701"]
[BlackElo "2633"]
[PlyCount "93"]
[EventDate "2017.01.24"]
[EventType "swiss"]
[EventRounds "10"]
[EventCountry "ENG"]
[SourceTitle "Ajedrez en Madrid"]
[Source "lmi"]
[SourceDate "2017.01.24"]

1. Nf3 d5 2. g3 c5 3. Bg2 Nc6 4. d4 cxd4 5. Nxd4 e5 6. Nxc6 bxc6 7. c4 Nf6 8.
O-O Be6 9. Nc3 Rc8 10. cxd5 cxd5 11. Qa4+ Qd7 12. Qxd7+ Kxd7 13. Rd1 Bc5 14.
Nxd5 Nxd5 15. Bxd5 Bxd5 16. Rxd5+ Ke6 17. Rd2 Rhd8 18. Kf1 Bb6 19. Rxd8 Rxd8
20. Be3 Bxe3 21. fxe3 Rd2 22. Rb1 Kf5 23. Ke1 Rc2 24. Kd1 Rc6 25. Rc1 Rb6 26.
b3 Ke4 27. Rc3 Rh6 28. Kd2 Rxh2 29. Rc7 a6 30. Rxf7 g5 31. g4 Rh6 32. Rd7 a5
33. a3 Rb6 34. Rd3 h6 35. Rc3 Rd6+ 36. Rd3 Rb6 37. Rc3 Rd6+ 38. Ke1 Rb6 39. Kf2
Rf6+ 40. Kg2 Rb6 41. b4 axb4 42. Rb3 Kd5 43. axb4 e4 44. Rb1 Kc4 45. Rd1 Kxb4
46. Rd4+ Kc3 47. Kf2 1/2-1/2

[Event "Gibraltar Chess Festival 2017 - Masters"]
[Site "Gibraltar ENG"]
[Date "2017.01.29"]
[Round "6.9"]
[White "Sethuraman, S.P."]
[Black "Cheparinov, Ivan"]
[Result "0-1"]
[WhiteElo "2637"]
[BlackElo "2689"]
[PlyCount "116"]
[EventDate "2017.01.24"]
[EventType "swiss"]
[EventRounds "10"]
[EventCountry "ENG"]
[SourceTitle "Ajedrez en Madrid"]
[Source "lmi"]
[SourceDate "2017.01.24"]

1. e4 e5 2. Nf3 Nc6 3. Bc4 Bc5 4. d3 Nf6 5. c3 O-O 6. Nbd2 d6 7. O-O a5 8. h3
h6 9. b3 Bb6 10. Re1 Re8 11. Bb5 Bd7 12. Bb2 Ne7 13. Bxd7 Qxd7 14. d4 Nc6 15.
a3 Ba7 16. Qc2 Nh5 17. Nf1 Nf4 18. Kh2 Ne7 19. Rad1 Neg6 20. Ng3 Nxg2 21. Rg1
N2f4 22. Nf5 exd4 23. cxd4 Qc6 24. Qxc6 bxc6 25. Rge1 Rab8 26. Re3 d5 27. e5 c5
28. Ba1 Ne6 29. Rc1 Rb7 30. h4 Ne7 31. Nxe7+ Rxe7 32. Rd3 cxd4 33. Nxd4 Bxd4
34. Bxd4 Nxd4 35. Rxd4 Rxe5 36. b4 axb4 37. axb4 Kf8 38. Rc5 Ke7 39. b5 Re4 40.
Rxe4+ dxe4 41. Kg3 Kd6 42. Rf5 f6 43. Kg4 Ra7 44. Kh5 Ra1 45. Kg6 Rg1+ 46. Kf7
Rg2 47. Kf8 Ke6 48. Rc5 Rxf2 49. Rxc7 g5 50. h5 Rb2 51. Rc6+ Ke5 52. b6 e3 53.
Kf7 e2 54. Rxf6 g4 55. Rxh6 Kf5 56. Re6 Rxb6 57. Rxb6 e1=Q 58. h6 Qe5 0-1

[Event "Gibraltar Chess Festival 2017 - Masters"]
[Site "Gibraltar ENG"]
[Date "2017.01.29"]
[Round "6.10"]
[White "Stefanova, Antoaneta"]
[Black "Zvjaginsev, Vadim"]
[Result "1/2-1/2"]
[WhiteElo "2512"]
[BlackElo "2679"]
[PlyCount "53"]
[EventDate "2017.01.24"]
[EventType "swiss"]
[EventRounds "10"]
[EventCountry "ENG"]
[SourceTitle "Ajedrez en Madrid"]
[Source "lmi"]
[SourceDate "2017.01.24"]

1. d4 d5 2. c4 e6 3. Nf3 Nf6 4. g3 Bb4+ 5. Bd2 Bd6 6. Bg2 O-O 7. O-O c6 8. Nc3
Nbd7 9. b3 h6 10. Qc2 Re8 11. Rfe1 e5 12. cxd5 cxd5 13. Nb5 Bb8 14. dxe5 Nxe5
15. Nxe5 Bxe5 16. Bc3 Bd7 17. Bxe5 Rxe5 18. Qc7 Re7 19. Qxd8+ Rxd8 20. Nd4 Rc8
21. Red1 Kf8 22. h3 Ne4 23. e3 Nc3 24. Rd2 Ne4 25. Rdd1 Nc3 26. Rd2 Ne4 27.
Rdd1 1/2-1/2

[Event "Gibraltar Chess Festival 2017 - Masters"]
[Site "Gibraltar ENG"]
[Date "2017.01.29"]
[Round "6.11"]
[White "Ivanchuk, Vassily"]
[Black "Dragnev, Valentin"]
[Result "0-1"]
[WhiteElo "2752"]
[BlackElo "2492"]
[PlyCount "114"]
[EventDate "2017.01.24"]
[EventType "swiss"]
[EventRounds "10"]
[EventCountry "ENG"]
[SourceTitle "Ajedrez en Madrid"]
[Source "lmi"]
[SourceDate "2017.01.24"]

1. e4 e5 2. Nf3 Nc6 3. d4 exd4 4. Nxd4 Nf6 5. Nxc6 bxc6 6. e5 Qe7 7. Qe2 Nd5 8.
Nd2 g6 9. c4 Nf4 10. Qe3 Ne6 11. b3 Bg7 12. Bb2 O-O 13. Ne4 d5 14. Nf6+ Bxf6
15. exf6 Qb4+ 16. Bc3 Qa3 17. Qd2 Rb8 18. Bb2 Qd6 19. O-O-O Rd8 20. g3 d4 21.
Qh6 Qe5 22. Qh4 c5 23. Bd3 Qg5+ 24. Qxg5 Nxg5 25. f4 Ne6 26. Kc2 Nf8 27. Rde1
Nd7 28. Re7 Rb6 29. Rhe1 Kf8 30. f5 gxf5 31. Bc1 Nxf6 32. Rxc7 Ra6 33. Bh6+ Kg8
34. Ree7 Ne8 35. Bg5 Nxc7 36. Rxc7 f6 37. Bh4 Rxa2+ 38. Kd1 Re8 39. Bxf6 Re3
40. Bb1 Ra1 41. Kc2 Re2+ 42. Kd3 Re3+ 43. Kc2 Re1 44. Rxc8+ Kf7 45. Bg5 Rexb1
46. Rxc5 Rf1 47. Kb2 Rfb1+ 48. Kc2 Rf1 49. Kb2 Ra6 50. Bf4 Rf2+ 51. Kb1 Re6 52.
Rxf5+ Kg6 53. Re5 Rxe5 54. Bxe5 d3 55. Kc1 Rxh2 56. Kd1 Rc2 57. Bf4 Kf5 0-1

[Event "Gibraltar Chess Festival 2017 - Masters"]
[Site "Gibraltar ENG"]
[Date "2017.01.29"]
[Round "6.12"]
[White "Svidler, Peter"]
[Black "Spraggett, Kevin"]
[Result "1-0"]
[WhiteElo "2748"]
[BlackElo "2542"]
[PlyCount "77"]
[EventDate "2017.01.24"]
[EventType "swiss"]
[EventRounds "10"]
[EventCountry "ENG"]
[SourceTitle "Ajedrez en Madrid"]
[Source "lmi"]
[SourceDate "2017.01.24"]

1. e4 c5 2. Nf3 e6 3. d4 cxd4 4. Nxd4 a6 5. c4 Nf6 6. Nc3 Bb4 7. Qf3 d6 8. Nc2
Ba5 9. b4 Bc7 10. Bf4 Nc6 11. Be2 Ne5 12. Qe3 Qe7 13. Bg3 O-O 14. O-O a5 15. a3
axb4 16. axb4 Bd7 17. h3 Rfc8 18. Na3 Bb8 19. Bxe5 dxe5 20. c5 Rd8 21. Bb5 Bc6
22. Bxc6 bxc6 23. Nc2 Bc7 24. Qe2 Qe8 25. Rxa8 Rxa8 26. Qc4 g6 27. Ra1 Rxa1+
28. Nxa1 Qd7 29. Nb3 Ne8 30. Kf1 Kf8 31. Ke2 Bd8 32. Qd3 Ke7 33. Qxd7+ Kxd7 34.
Kd3 f5 35. Kc4 Nf6 36. b5 cxb5+ 37. Kxb5 Ne8 38. Nc1 Nc7+ 39. Kc4 1-0

[Event "Gibraltar Chess Festival 2017 - Masters"]
[Site "Gibraltar ENG"]
[Date "2017.01.29"]
[Round "6.13"]
[White "Lagno, Kateryna"]
[Black "Vitiugov, Nikita"]
[Result "1/2-1/2"]
[WhiteElo "2530"]
[BlackElo "2724"]
[PlyCount "71"]
[EventDate "2017.01.24"]
[EventType "swiss"]
[EventRounds "10"]
[EventCountry "ENG"]
[SourceTitle "Ajedrez en Madrid"]
[Source "lmi"]
[SourceDate "2017.01.24"]

1. e4 c6 2. d4 d5 3. Nd2 dxe4 4. Nxe4 Bf5 5. Ng3 Bg6 6. Nf3 Nd7 7. Bd3 Ngf6 8.
O-O e6 9. c4 Be7 10. Bf4 O-O 11. Re1 Re8 12. Bxg6 hxg6 13. Qc2 a5 14. Rad1 a4
15. Ne5 Qa5 16. Bd2 Qa6 17. Bg5 Rad8 18. h4 Qa5 19. Qe2 Bb4 20. Rf1 Be7 21.
Rfe1 Bb4 22. Rf1 Be7 23. a3 c5 24. Nxd7 Nxd7 25. Bxe7 Rxe7 26. h5 cxd4 27. hxg6
Nf6 28. gxf7+ Kxf7 29. Rd3 Qc5 30. Ne4 Qe5 31. Re1 Qxe4 32. Qxe4 Nxe4 33. Rxe4
Red7 34. f4 Rd6 35. c5 Rd5 36. Kf2 1/2-1/2

[Event "Gibraltar Chess Festival 2017 - Masters"]
[Site "Gibraltar ENG"]
[Date "2017.01.29"]
[Round "6.15"]
[White "Naiditsch, Arkadij"]
[Black "Salomon, Johan"]
[Result "1-0"]
[WhiteElo "2702"]
[BlackElo "2470"]
[PlyCount "124"]
[EventDate "2017.01.24"]
[EventType "swiss"]
[EventRounds "10"]
[EventCountry "ENG"]
[SourceTitle "Ajedrez en Madrid"]
[Source "lmi"]
[SourceDate "2017.01.24"]

1. e4 c6 2. d4 d5 3. e5 Bf5 4. Nf3 e6 5. Be2 Ne7 6. Nbd2 h6 7. a4 a5 8. b3 c5
9. dxc5 Nec6 10. Ba3 Nd7 11. Bb5 Bxc5 12. Bxc5 Nxc5 13. Nd4 O-O 14. Nxf5 exf5
15. Nf3 Qe7 16. O-O Ne4 17. Bxc6 bxc6 18. Re1 Qc5 19. Qe2 Rad8 20. Rac1 Rfe8
21. h3 Qb6 22. Qf1 Qc5 23. Red1 g5 24. g4 fxg4 25. hxg4 Rb8 26. c4 Qe7 27. Nd4
Qd7 28. cxd5 cxd5 29. f3 Rxe5 30. Nc6 Rxb3 31. Rc2 Re8 32. Nd4 Rc3 33. Rh2 Ng3
34. Qf2 Qxa4 35. Qd2 Rc4 36. Rxh6 Re5 37. Kf2 Kg7 38. Ra6 Ne2 39. Rxa5 Rxd4 40.
Rxa4 Rxd2 41. Rxd2 Nf4 42. Ra7 Re6 43. Rc2 d4 44. Rcc7 Rf6 45. Ra5 Kg6 46. Rca7
Re6 47. R7a6 Kf6 48. Ra4 Nd3+ 49. Kg3 Nf4 50. Kf2 Nd3+ 51. Kg2 Nf4+ 52. Kf1 Ke5
53. R6a5+ Nd5 54. Rb5 Rd6 55. Ke1 Rb6 56. Rxb6 Nxb6 57. Ra5+ Nd5 58. Kd2 Ke6
59. Rb5 f6 60. Kd3 Ne7 61. Kxd4 f5 62. Rb6+ Kf7 1-0

[Event "Gibraltar Chess Festival 2017 - Masters"]
[Site "Gibraltar ENG"]
[Date "2017.01.29"]
[Round "6.16"]
[White "Kollars, Dmitrij"]
[Black "Shankland, Samuel L"]
[Result "1/2-1/2"]
[WhiteElo "2500"]
[BlackElo "2674"]
[PlyCount "86"]
[EventDate "2017.01.24"]
[EventType "swiss"]
[EventRounds "10"]
[EventCountry "ENG"]
[SourceTitle "Ajedrez en Madrid"]
[Source "lmi"]
[SourceDate "2017.01.24"]

1. e4 c5 2. Nf3 d6 3. d4 cxd4 4. Nxd4 Nf6 5. Nc3 a6 6. Bg5 Nbd7 7. Qe2 h6 8.
Bxf6 Nxf6 9. O-O-O e5 10. Nf5 g6 11. Ne3 Be6 12. g3 Rc8 13. Rd3 h5 14. Bg2 Bh6
15. Kb1 O-O 16. Rhd1 Qa5 17. Ned5 Nxd5 18. Nxd5 Rc5 19. c3 Qd8 20. f3 Kg7 21.
Qf2 Re8 22. f4 Bxd5 23. Rxd5 Rxd5 24. Rxd5 exf4 25. gxf4 Qf6 26. f5 Re5 27.
Rxe5 Qxe5 28. fxg6 fxg6 29. h3 Bg5 30. Qd4 Bf6 31. Qxe5 Bxe5 32. Kc2 Kf6 33.
Kd3 Kg5 34. Ke3 Kh4 35. Kf3 g5 36. Bf1 Bf4 37. Kg2 Bc1 38. b3 Bb2 39. a4 g4 40.
hxg4 hxg4 41. Bc4 Bxc3 42. Bd5 b6 43. Bc4 a5 1/2-1/2

[Event "Gibraltar Chess Festival 2017 - Masters"]
[Site "Gibraltar ENG"]
[Date "2017.01.29"]
[Round "6.17"]
[White "Fressinet, Laurent"]
[Black "Javakhishvili, Lela"]
[Result "1-0"]
[WhiteElo "2660"]
[BlackElo "2455"]
[PlyCount "79"]
[EventDate "2017.01.24"]
[EventType "swiss"]
[EventRounds "10"]
[EventCountry "ENG"]
[SourceTitle "Ajedrez en Madrid"]
[Source "lmi"]
[SourceDate "2017.01.24"]

1. e4 c5 2. Nf3 e6 3. d4 cxd4 4. Nxd4 Nc6 5. Nc3 a6 6. Bf4 d6 7. Nxc6 bxc6 8.
Qd2 e5 9. Bg5 Nf6 10. Bc4 h6 11. Bxf6 Qxf6 12. O-O Be7 13. f4 O-O 14. f5 Rd8
15. Rad1 Rb8 16. b3 Bb7 17. Qe2 a5 18. Rf3 Rd7 19. Rfd3 Bd8 20. Na4 Bc7 21. Kh1
Re7 22. R3d2 d5 23. Bd3 Bd6 24. Qf2 Ree8 25. Nc5 Bc8 26. c4 Qe7 27. Na4 Qg5 28.
Re2 d4 29. c5 Be7 30. Bc4 Rf8 31. Rd3 Kh8 32. Rg3 Qh4 33. Qf3 Bd7 34. Rf2 Qf6
35. Qe2 Rfd8 36. Qd2 Ra8 37. Rff3 Be8 38. Rg4 Ra7 39. Rh3 Rb8 40. Rg6 1-0